| 000 | 01902cam a2200361 a 4500 | ||
|---|---|---|---|
| 999 |
_c331628 _d331628 |
||
| 001 | 14071309 | ||
| 003 | NUST | ||
| 005 | 20180118110450.0 | ||
| 008 | 050811s2007 maua b 001 0 eng | ||
| 010 | _a 2005023521 | ||
| 020 | _a0073048259 (hard copy : alk. paper) | ||
| 020 | _a0073251631 (package) | ||
| 020 | _a9780073048253 | ||
| 035 | _a(OCoLC)ocm61262434 | ||
| 040 |
_aDLC _cDLC _dYDX _dBAKER _dDLC |
||
| 050 | 0 | 0 |
_aQA276.12 _b.B59 2007 |
| 082 | 0 | 0 |
_a519.5 BLU _222 |
| 100 | 1 |
_aBluman, Allan G. _95317 |
|
| 245 | 1 | 0 |
_aElementary statistics : _ba step by step approach / _cAllan G. Bluman. |
| 250 | _a6th ed. | ||
| 260 |
_aBoston : _bMcGraw-Hill, _cc2007. |
||
| 300 |
_axxx, 802, [47] p. : _bcol. ill. ; _c28 cm. |
||
| 500 | _a"Important formulas" (1 folded page) inserted. | ||
| 504 | _aIncludes bibliographical references (p. [801]-802) and index. | ||
| 505 | 0 | _aThe nature of probability and statistics -- Frequency distributions and graphs -- Data description -- Counting techniques -- Probability -- Discrete probability distributions -- The normal distribution -- Confidence intervals and sample size -- Hypothesis testing -- Testing the difference between two means, two variances and two proportions -- Correlation and regression -- Chi-square and analysis of variance (ANOVA) | |
| 650 | 0 |
_aStatistics _vTextbooks. _95318 |
|
| 856 | 4 | 1 |
_3Table of contents only _uhttp://www.loc.gov/catdir/toc/ecip0517/2005023521.html |
| 856 | 4 | 2 |
_3Publisher description _uhttp://www.loc.gov/catdir/enhancements/fy0661/2005023521-d.html |
| 906 |
_a7 _bcbc _corignew _d1 _eecip _f20 _gy-gencatlg |
||
| 942 |
_2ddc _cBK |
||